Marathas, marauders, and state formation in eighteenth-century India \ (Record no. 122802)

MARC details
000 -LEADER
fixed length control field 00855nam a22002537a 4500
003 - CONTROL NUMBER IDENTIFIER
control field dpl
005 - DATE AND TIME OF LATEST TRANSACTION
control field 20180807132217.0
008 - FIXED-LENGTH DATA ELEMENTS--GENERAL INFORMATION
fixed length control field 180807b xxu||||| |||| 00| 0 eng d
010 ## - LIBRARY OF CONGRESS CONTROL NUMBER
LC control number A-948908
020 ## - INTERNATIONAL STANDARD BOOK NUMBER
Terms of availability 195.00
International Standard Book Number 9780195647488
035 ## - SYSTEM CONTROL NUMBER
System control number A-948908, A-948909
037 ## - SOURCE OF ACQUISITION
Source of stock number/acquisition Cen Lib/Ret
040 ## - CATALOGING SOURCE
Original cataloging agency DPL
Language of cataloging EN
Transcribing agency 0
082 ## - DEWEY DECIMAL CLASSIFICATION NUMBER
Classification number 306.2
Item number GOR
100 ## - MAIN ENTRY--PERSONAL NAME
Personal name Gordon, Stewart
9 (RLIN) 2378
245 ## - TITLE STATEMENT
Title Marathas, marauders, and state formation in eighteenth-century India \
Statement of responsibility, etc by Stewart Gordon
260 ## - PUBLICATION, DISTRIBUTION, ETC. (IMPRINT)
Place of publication, distribution, etc Delhi
Name of publisher, distributor, etc Oxford University Press
Date of publication, distribution, etc 1998
270 ## - ADDRESS
Address YMCA Library Building, Jai Singh Road
City New Delhi
Postal code 110001
300 ## - PHYSICAL DESCRIPTION
Extent xi,223p.
Dimensions 22cm(pbk)
500 ## - GENERAL NOTE
General note Includes bibliographical references and index
650 ## - SUBJECT ADDED ENTRY--TOPICAL TERM
Topical term or geographic name as entry element History-18th century
Geographic subdivision India
9 (RLIN) 2379
650 ## - SUBJECT ADDED ENTRY--TOPICAL TERM
Topical term or geographic name as entry element Maratha Empire
Geographic subdivision India
9 (RLIN) 2380
942 ## - ADDED ENTRY ELEMENTS (KOHA)
Source of classification or shelving scheme Dewey Decimal Classification
Koha item type English Books
Classification part 306.2
Call number suffix GOR
Holdings
Withdrawn status Lost status Damaged status Not for loan Collection code Home library Current library Date acquired Source of acquisition Cost, normal purchase price Total Checkouts Full call number Barcode Date last seen Copy number Cost, replacement price Price effective from Koha item type Source of classification or shelving scheme
      Not For Loan Reference Central Library Central Library 30/05/2015 Cen Lib/Ret 195.00   306.2 GOR A-948908 30/05/2015 1 195.00 30/05/2015 English Books  
        Non-fiction Shahdara Branch Shahdara Branch 07/08/2018 BPPD/PUB 195.00   306.2 GOR A-948909 07/08/2018   195.00 07/08/2018 English Books Dewey Decimal Classification

© Delhi Public Library
Hit Counter
free hit counter